<?xml version="1.0" encoding="UTF-8"?>
<record
    xmlns:xsi="http://www.w3.org/2001/XMLSchema-instance"
    xsi:schemaLocation="http://www.loc.gov/MARC21/slim http://www.loc.gov/standards/marcxml/schema/MARC21slim.xsd"
    xmlns="http://www.loc.gov/MARC21/slim">

  <leader>00556pam a2200205 a 4500</leader>
  <datafield tag="020" ind1=" " ind2=" ">
    <subfield code="c">217.40</subfield>
  </datafield>
  <datafield tag="040" ind1=" " ind2=" ">
    <subfield code="a">Medical College Libr</subfield>
  </datafield>
  <datafield tag="041" ind1=" " ind2=" ">
    <subfield code="a">ENG</subfield>
    <subfield code="h">ENG</subfield>
  </datafield>
  <datafield tag="082" ind1=" " ind2=" ">
    <subfield code="a">616.075</subfield>
    <subfield code="b">TAL</subfield>
  </datafield>
  <datafield tag="100" ind1=" " ind2=" ">
    <subfield code="a">Talib, V.H..</subfield>
  </datafield>
  <datafield tag="245" ind1=" " ind2=" ">
    <subfield code="a">Essential Laboratory Medicine / </subfield>
    <subfield code="c"></subfield>
    <subfield code="h">Textual Documents</subfield>
  </datafield>
  <datafield tag="260" ind1=" " ind2=" ">
    <subfield code="a"> : </subfield>
    <subfield code="b">Interprint , </subfield>
    <subfield code="c">1999.</subfield>
  </datafield>
  <datafield tag="300" ind1=" " ind2=" ">
    <subfield code="a">1139 ; </subfield>
    <subfield code="c"></subfield>
  </datafield>
  <datafield tag="365" ind1=" " ind2=" ">
    <subfield code="a">217.40</subfield>
  </datafield>
  <datafield tag="653" ind1=" " ind2=" ">
    <subfield code="a">Medical Science</subfield>
    <subfield code="a">Pathology</subfield>
  </datafield>
  <datafield tag="907" ind1=" " ind2=" ">
    <subfield code="a">10494     </subfield>
    <subfield code="a">10493     </subfield>
    <subfield code="a">10492     </subfield>
    <subfield code="a">10491     </subfield>
  </datafield>
  <datafield tag="930" ind1=" " ind2=" ">
    <subfield code="a">6865</subfield>
  </datafield>
  <datafield tag="999" ind1=" " ind2=" ">
    <subfield code="c">6864</subfield>
    <subfield code="d">6864</subfield>
  </datafield>
  <datafield tag="952" ind1=" " ind2=" ">
    <subfield code="0">0</subfield>
    <subfield code="1">0</subfield>
    <subfield code="4">0</subfield>
    <subfield code="7">0</subfield>
    <subfield code="a">MCP</subfield>
    <subfield code="b">MCP</subfield>
    <subfield code="d">2005-12-28</subfield>
    <subfield code="e">B. J. Medical Store Ltd.                          </subfield>
    <subfield code="g">217.40</subfield>
    <subfield code="l">0</subfield>
    <subfield code="o">616.075 TAL</subfield>
    <subfield code="p">MCP-10495</subfield>
    <subfield code="r">2023-02-06 00:00:00</subfield>
    <subfield code="t">1</subfield>
    <subfield code="w">2023-02-06</subfield>
    <subfield code="y">BK</subfield>
  </datafield>
  <datafield tag="952" ind1=" " ind2=" ">
    <subfield code="0">0</subfield>
    <subfield code="1">0</subfield>
    <subfield code="4">0</subfield>
    <subfield code="7">0</subfield>
    <subfield code="a">MCP</subfield>
    <subfield code="b">MCP</subfield>
    <subfield code="d">2005-12-28</subfield>
    <subfield code="e">B. J. Medical Store Ltd.                          </subfield>
    <subfield code="g">217.40</subfield>
    <subfield code="l">0</subfield>
    <subfield code="o">616.075 TAL</subfield>
    <subfield code="p">MCP-10494</subfield>
    <subfield code="r">2023-09-02 00:00:00</subfield>
    <subfield code="t">2</subfield>
    <subfield code="w">2023-02-06</subfield>
    <subfield code="y">BK</subfield>
  </datafield>
  <datafield tag="952" ind1=" " ind2=" ">
    <subfield code="0">0</subfield>
    <subfield code="1">0</subfield>
    <subfield code="4">0</subfield>
    <subfield code="7">0</subfield>
    <subfield code="a">MCP</subfield>
    <subfield code="b">MCP</subfield>
    <subfield code="d">2005-12-28</subfield>
    <subfield code="e">B. J. Medical Store Ltd.                          </subfield>
    <subfield code="g">217.40</subfield>
    <subfield code="l">0</subfield>
    <subfield code="o">616.075 TAL</subfield>
    <subfield code="p">MCP-10493</subfield>
    <subfield code="r">2023-02-06 00:00:00</subfield>
    <subfield code="t">3</subfield>
    <subfield code="w">2023-02-06</subfield>
    <subfield code="y">BK</subfield>
  </datafield>
  <datafield tag="952" ind1=" " ind2=" ">
    <subfield code="0">0</subfield>
    <subfield code="1">0</subfield>
    <subfield code="4">0</subfield>
    <subfield code="7">0</subfield>
    <subfield code="a">MCP</subfield>
    <subfield code="b">MCP</subfield>
    <subfield code="d">2005-12-28</subfield>
    <subfield code="e">B. J. Medical Store Ltd.                          </subfield>
    <subfield code="g">217.40</subfield>
    <subfield code="l">0</subfield>
    <subfield code="o">616.075 TAL</subfield>
    <subfield code="p">MCP-10492</subfield>
    <subfield code="r">2023-02-06 00:00:00</subfield>
    <subfield code="t">4</subfield>
    <subfield code="w">2023-02-06</subfield>
    <subfield code="y">BK</subfield>
  </datafield>
  <datafield tag="952" ind1=" " ind2=" ">
    <subfield code="0">0</subfield>
    <subfield code="1">0</subfield>
    <subfield code="4">0</subfield>
    <subfield code="7">0</subfield>
    <subfield code="a">MCP</subfield>
    <subfield code="b">MCP</subfield>
    <subfield code="d">2005-12-28</subfield>
    <subfield code="e">B. J. Medical Store Ltd.                          </subfield>
    <subfield code="g">217.40</subfield>
    <subfield code="l">0</subfield>
    <subfield code="o">616.075 TAL</subfield>
    <subfield code="p">MCP-10491</subfield>
    <subfield code="r">2023-02-06 00:00:00</subfield>
    <subfield code="t">5</subfield>
    <subfield code="w">2023-02-06</subfield>
    <subfield code="y">BK</subfield>
  </datafield>
</record>
